000 00504nam a22001697a 4500
008 220322b |||||||| |||| 00| 0 eng d
082 _aCD19815
100 _aPaudel, Jhamak Bahadur
245 _aUse of discussion technique in teaching speaking
260 _aKathmandu:
_c2019
502 _aDissertation (Degree in English education ),TU
650 _aEnglish education
650 _aTeaching methods
650 _aTeaching and learning
650 _aTeaching techniques
942 _2ddc
_cVM
999 _c104024
_d104012